History Quiz

Random History or Century Quiz
Score 0/30 Timer 06:00
0 Plays Today
% Correct
Winston
98.5%
Pablo
97.9%
Margaret
97.4%
Sigmund
97.1%
Joseph
97.1%
Salvador
96.5%
Marie
96.4%
Benito
96.1%
Charles
95.3%
Anne
93.6%
Vladimir
92.3%
Heinrich
90.6%
Nikita
89.4%
James
87.8%
Slobodan
84.2%
% Correct
Mata
82.6%
Lech
80.4%
Marlene
80.3%
Simone
77.8%
Erwin
75.5%
Nicolae
72.3%
Michael
70.9%
Gustav
70.7%
Guglielmo
69.3%
Marc
64.5%
Clement
63.9%
Georges
61.3%
Konrad
58.1%
Philippe
57.1%
Adolfo
47.9%
Come Together.
Have Fun.
All Virtual.
We all need to come together. Play Sporcle's virtual live trivia to have fun, connect with people, and get your trivia on. Join a live hosted trivia game for your favorite pub trivia experience done virtually. If a virtual private party is more your thing, go here for details.

You're not logged in!

Compare scores with friends on all Sporcle quizzes.
OR
Log In

Sporcle TV

Today on Sporcle TV


Watch our educational content, quiz creation guides, and fun videos on Sporcle TV.

Show Comments

Extras

Top Quizzes Today


Score Distribution

Paid Content

Your Account Isn't Verified!

In order to create a playlist on Sporcle, you need to verify the email address you used during registration. Go to your Sporcle Settings to finish the process.

Report this User

Report this user for behavior that violates our Community Guidelines.

Details: